MARC

LEADER 00000nam0a2200000 4500
001 274546
005 20231101234735.0
020 |a RU  |b 85-104870 
035 |a (RuTPU)RU\TPU\book\297756 
090 |a 274546 
100 |a 20141106d1985 k y0rusy5003 ca 
101 0 |a rus 
102 |a BY 
105 |a y z 001zy 
200 1 |a Главная производительная сила общества: сущность, прогресс, перспективы (теоретико-методологический аспект)  |f Е. Х. Капелян  |g Академия наук Белорусской ССР (АН БССР), Институт философии и права ; под ред. Е. М. Бабосова 
210 |a Минск  |c Наука и техника  |d 1985 
215 |a 248 с. 
320 |a Библиогр. в тексте 
606 1 |a Производственные отношения в социалистическом обществе  |2 stltpush  |3 (RuTPU)RU\TPU\subj\36759  |9 58014 
610 1 |a социалистическая экономика 
610 1 |a общество 
610 1 |a трудовая деятельность 
610 1 |a человек 
610 1 |a производственные силы 
610 1 |a научно-технический прогресс 
610 1 |a научно-техническая революция 
610 1 |a трудящиеся 
686 |a У013.753  |2 rubbk 
700 1 |a Капелян  |b Е. Х.  |g Ефим Хаймович 
702 1 |a Бабосов  |b Е. М.  |4 340 
712 0 2 |a Академия наук Белорусской ССР (АН БССР)  |b Институт философии и права  |2 stltpush  |3 (RuTPU)RU\TPU\col\11901 
801 0 |a RU  |b RuMRKP  |c 19950704  |g psbo 
801 1 |a RU  |b 63413507  |c 20141106 
801 2 |a RU  |b 63413507  |c 20170324  |g RCR 
942 |c BK